|
|
|
|
| LEADER |
00793nkm a22002172a 4500 |
| 001 |
001454509 |
| 003 |
CZ BrMZK |
| 005 |
20150223142624.0 |
| 007 |
kf co |
| 008 |
150209s1979 xr nnn kncze |
| 040 |
|
|
|a BOA001
|b cze
|
| 100 |
1 |
|
|a Lada, Josef,
|d 1887-1957
|7 jk01071364
|4 ill
|4 aut
|
| 245 |
1 |
0 |
|a Braňte knihu!
|h [grafika] /
|c Josef Lada
|
| 260 |
|
|
|a V Hodoníně :
|b Okresní knihovna,
|c 1979
|
| 300 |
|
|
|a 1 plakát :
|b barev. ;
|c 81 x 58 cm
|
| 500 |
|
|
|a Vydáno ve spolupráci s Klubem mladých čtenářů nakl. Albatros
|
| 710 |
2 |
|
|a Nakladatelství Albatros.
|b Klub mladých čtenářů
|7 ko2003164474
|
| 856 |
4 |
1 |
|u http://www.digitalniknihovna.cz/mzk/uuid/uuid:469e8225-54b4-4d6e-83eb-579026676ec2
|y Plakát k zobrazení
|
| 910 |
|
|
|a BOA001
|b Skř.5A-1279.630
|
| 990 |
|
|
|a GP
|
| 991 |
|
|
|b 201502
|